| 000 | 00000nam 2200000za 4500 |
| 001 | 9.822490 |
| 003 | CaOODSP |
| 005 | 20221107143705 |
| 007 | cr ||||||||||| |
| 008 | 160812s2007 qucabo ob f000 0 fre d |
| 020 | |z0-662-72168-3 |
| 040 | |aCaOODSP|bfre |
| 043 | |an-cn--- |
| 086 | 1 |aR64-340/2006F-PDF|zR64-340/2006F |
| 110 | 2 |aParcs Canada. |
| 245 | 10|aLieu historique national du Canada des Forges-du-Saint-Maurice |h[ressource électronique] : |bplan directeur. |
| 260 | |a[Gatineau, QC] : |bParcs Canada, Unité de gestion de la Mauricie, |cc2007. |
| 300 | |a63 p. : |bill., cartes en coul. |
| 500 | |a« Octobre 2007. » |
| 500 | |aPublié aussi en anglais sous le titre: Forges du Saint-Maurice National Historic Site of Canada: management plan. |
| 530 | |aÉgalement publié en version imprimée. |
| 692 | 07|2gccst|aLieu historique |
| 692 | 07|2gccst|aGestion |
| 692 | 07|2gccst|aPlanification |
| 775 | 08|tForges du Saint-Maurice National Historic Site of Canada |w(CaOODSP)9.822488 |
| 776 | 0#|tLieu historique national du Canada des Forges-du-Saint-Maurice - plan directeur / |w(CaOODSP)9.683348 |
| 794 | |tLieu historique national du Canada des Forges-du-Saint-Maurice : |w(CaOODSP)9.892038 |
| 856 | 40|qPDF|s1.60 Mo|uhttps://publications.gc.ca/collections/collection_2016/pc/R64-340-2006-fra.pdf |